Cuando hablar da resultado: perfiles de mediadores
שמור ב:
| מחבר ראשי: | |
|---|---|
| פורמט: | ספר |
| שפה: | ספרדית |
| יצא לאור: |
Buenos Aires
Paidós
1996
|
| מהדורה: | 1a. ed |
| סדרה: | Paidós Mediación, 6
|
| נושאים: | |
| תגים: |
הוספת תג
אין תגיות, היה/י הראשונ/ה לתייג את הרשומה!
|
MARC
| LEADER | 00000cam a2200000 a 4500 | ||
|---|---|---|---|
| 001 | UCK6825 | ||
| 003 | CL-VaPUC | ||
| 008 | 051021e19960000AG |||||||||||||||||spa|d | ||
| 020 | |a 9501287068 | ||
| 082 | 0 | 4 | |a 303.69 |b KOL |2 21 |
| 100 | |a Kolb, Deborah M |e author |9 496303 | ||
| 245 | 1 | 0 | |a Cuando hablar da resultado: perfiles de mediadores |
| 250 | |a 1a. ed | ||
| 300 | |a 408 p | ||
| 942 | |c BK | ||
| 945 | |d 20051021 00:00:00 |a cmena | ||
| 260 | |a Buenos Aires |b Paidós |c 1996 | ||
| 650 | 0 | |a Mediación |9 338396 | |
| 650 | 0 | |a Relaciones interpersonales |9 307056 | |
| 650 | 0 | |a Comunicación interpersonal |9 307498 | |
| 650 | 0 | |a Resolución de conflictos |9 434922 | |
| 583 | |a last modification |c 20170227 12:54:23 |k Rodrigo Vera | ||
| 490 | 0 | |a Paidós Mediación, 6 | |
| 999 | |c 314971 |d 314969 | ||
| 952 | |0 0 |1 0 |4 0 |6 303_690000000000000_KOL_1996 |7 0 |8 A |9 387829 |a BIBDER |b BIBDER |d 2019-11-22 |i 4176308 |o 303.69 KOL 1996 |p 4176308 |r 2023-01-25 |w 2019-11-22 |y BK |k DER | ||
| 952 | |0 0 |1 0 |3 erb |4 0 |6 303_690000000000000_KOL_1996 |7 0 |8 A |9 387830 |a BIBENE |b BIBENE |i 5329019 |o 303.69 KOL 1996 |p 5329019 |r 2025-01-15 |w 2019-11-22 |y BK |z Catalogado en:20170303 |k ICO | ||